Impossible Harry Potter Quiz - Statistics

General Stats
  • This quiz has been taken 77 times
  • The average score is 6 of 15
Answer Stats
Hint Answer % Correct
What town do the Dursleys live in Little Whinging
81%
Who is the Half-Blood Prince (First name) Severus
77%
How many House Elves are named in thefirst 7 books 4
76%
Pick a number 7
73%
What was the first horcrux destroyed The diary
69%
What are the last three words of the series All was well
42%
His father (First name again) Tobias
34%
What does Molly believe Harry, Ron,
and Hermione won't do until they do
Leave
29%
Who is Teddy Lupin caught snogging Victoire Weasley
29%
Who caught them James Potter
23%
What is Percy's middle name Ignatius
18%
Who invented the Wolfsbane Potion Flavius Belby
13%
How old was Kreacher when he died 666
8%
What does Lucius Malfoy I do to QueenElizabeth Jinx Her
0%
What is Harry so partial to (according to Kreacher) Treacle Fudge
0%
No matching quizzes found
Score Distribution
Percent of People with Each Score
Percentile by Number Answered
Your Score History
You have not taken this quiz